Vybrané problémy stanovenia požiarnej odolnosti drevených prvkov

Salvato in:
Dettagli Bibliografici
Autore principale: Kamenická, Zuzana (Autore)
Altri autori: Sandanus, Jaroslav (Relatore della tesi)
Natura: Manoscritto Libro
Lingua:slovacco
Pubblicazione: 2018
Soggetti:
Accesso online:http://is.stuba.sk/zp/portal_zp.pl?podrobnosti=120068
Tags: Aggiungi Tag
Nessun Tag, puoi essere il primo ad aggiungerne!!

MARC

LEADER 00000ntm a22000003a 4500
001 stuzp49118
003 SK-STU
005 20180825210353.3
007 ta
008 150427s2015----xo-----f-mn---000-0-slo-d
040 |a STU  |b slo 
041 0 |a slo 
100 1 |a Kamenická, Zuzana  |u 010190  |4 aut  |U SvF Stavebná fakulta  |T SvF Katedra kovových a drevených konštrukcií  |X 58515  |U V190  |Y 21  |7 A000058515 
242 0 1 |a Selected problems in determing the fire resistance of timber structural members  |y eng 
245 1 0 |a Vybrané problémy stanovenia požiarnej odolnosti drevených prvkov 
260 |c 2018 
650 4 |a drevo  |2 slo 
650 4 |a požiar  |2 slo 
650 4 |a rýchlosť uhoľnatenia  |2 slo 
650 4 |a timber  |2 eng 
650 4 |a fire  |2 eng 
650 4 |a charring rate  |2 eng 
700 1 |a Sandanus, Jaroslav  |u 010190  |k Z1  |4 ths  |U SvF Stavebná fakulta  |T SvF Katedra kovových a drevených konštrukcií  |X 2750  |U V190  |Y 21  |7 A000002750 
856 4 |u http://is.stuba.sk/zp/portal_zp.pl?podrobnosti=120068 
996 |b 284V041464  |c V* 3427/DP-1357  |l VVS  |s P  |a 0  |w stuzp49118_0001